Moderno diccionario básico de sinonimos y antonimos /

محفوظ في:
التفاصيل البيبلوغرافية
المؤلف الرئيسي: Fernandez Mara, Jorge
التنسيق: نص
منشور في: Nueva York: Editors press service
الطبعة:3
الوسوم: إضافة وسم
لا توجد وسوم, كن أول من يضع وسما على هذه التسجيلة!

MARC

LEADER 00000 a a2200000 04500
001 25728
003
040
090 |a R 182500  
100 |a Fernandez Mara, Jorge  
245 |a Moderno diccionario básico de sinonimos y antonimos /  |c Jorge Fernandez Mara 
250 |a 3  
260 |a Nueva York:   |b Editors press service  
300 |a 204 p.  
999 |c 1779  |d 1779